[Event "GBR-ch 103th"]
[Site "Bournemouth"]
[Date "2016.07.30"]
[Round "6.26"]
[White "Britton, Richard L"]
[Black "Hewson, Brian Wr"]
[Result "0-1"]
[WhiteElo "2188"]
[BlackElo "2082"]
[PlyCount "60"]
[EventDate "2016.07.25"]
[EventType "swiss"]
[EventRounds "11"]
[EventCountry "GBR"]

1. e4 c6 2. d3 d5 3. Nd2 e5 4. Ngf3 Bd6 5. g3 Ne7 6. Bg2 O-O 7. O-O f5 8. Re1
Nd7 9. b3 Qc7 10. Bb2 fxe4 11. dxe4 d4 12. c3 c5 13. cxd4 cxd4 14. b4 h6 15.
Rc1 Qd8 16. Qb3+ Kh7 17. Nc4 Bc7 18. a4 Nc6 19. Ba3 Rf6 20. Nb2 Bd6 21. Nc4 Bc7
22. Qc2 Nb6 23. Nfd2 Nxc4 24. Nxc4 Be6 25. Bf1 Rc8 26. Qb2 d3 27. Red1 Bxc4 28.
Rxc4 Bb6 29. Rd2 Nd4 30. Kg2 Rxc4 0-1

[Event "GBR-ch 103th"]
[Site "Bournemouth"]
[Date "2016.07.30"]
[Round "6.27"]
[White "Birkett, Richard"]
[Black "Taylor, Adam A"]
[Result "0-1"]
[WhiteElo "2053"]
[BlackElo "2168"]
[PlyCount "76"]
[EventDate "2016.07.25"]
[EventType "swiss"]
[EventRounds "11"]
[EventCountry "GBR"]

1. e4 c5 2. Nf3 Nc6 3. Bb5 e6 4. Qe2 Nge7 5. c3 a6 6. Ba4 b5 7. Bc2 d5 8. d4
cxd4 9. cxd4 Nb4 10. e5 Nxc2+ 11. Qxc2 Bd7 12. Bg5 Rc8 13. Qd2 h6 14. Bh4 Qb6
15. O-O Nf5 16. Nc3 Nxh4 17. Nxh4 Be7 18. Nf3 b4 19. Ne2 O-O 20. Rfc1 Bb5 21.
Rxc8 Rxc8 22. Rc1 Rxc1+ 23. Nxc1 Qc7 24. b3 a5 25. Ne2 Bxe2 26. Qxe2 Qc1+ 27.
Ne1 Bg5 28. Kf1 Bd2 29. g3 Bc3 30. h4 Qb1 31. h5 Bxe1 32. Qxe1 Qxa2 33. Qe3 a4
34. bxa4 b3 35. Qc3 b2 36. Qc8+ Kh7 37. Qc2+ g6 38. hxg6+ Kg7 0-1

[Event "GBR-ch 103th"]
[Site "Bournemouth"]
[Date "2016.07.30"]
[Round "6.28"]
[White "Walker, Samuel A"]
[Black "Graham, David B"]
[Result "1/2-1/2"]
[WhiteElo "2022"]
[BlackElo "2152"]
[PlyCount "83"]
[EventDate "2016.07.25"]
[EventType "swiss"]
[EventRounds "11"]
[EventCountry "GBR"]

1. Nf3 Nf6 2. c4 g6 3. b4 Bg7 4. Bb2 d6 5. g3 O-O 6. Bg2 e5 7. O-O Nbd7 8. d3
a5 9. bxa5 Rxa5 10. Nbd2 Nb6 11. Bc3 Ra3 12. Bb2 Ra5 13. Bc3 Ra3 14. Nb1 Ra6
15. a4 Nbd7 16. Nbd2 Nc5 17. Qc2 Bd7 18. a5 Bc6 19. Rfb1 Qe7 20. Ng5 Nfd7 21.
Bxc6 bxc6 22. Nde4 f5 23. Nxc5 Nxc5 24. Nf3 e4 25. d4 exf3 26. dxc5 Bxc3 27.
Qxc3 fxe2 28. cxd6 cxd6 29. Re1 f4 30. gxf4 Rxf4 31. f3 Ra8 32. a6 Qg5+ 33. Kh1
Qf5 34. Qe3 Rxf3 35. Qxe2 Rb3 36. Qe6+ Qxe6 37. Rxe6 Rb6 38. a7 Rb7 39. Rxd6
Rbxa7 40. Rxa7 Rxa7 41. Rxc6 Kf7 42. Kg2 1/2-1/2

[Event "GBR-ch 103th"]
[Site "Bournemouth"]
[Date "2016.07.30"]
[Round "6.29"]
[White "Moreby, James E"]
[Black "Smith, Andrew P"]
[Result "1-0"]
[WhiteElo "2040"]
[BlackElo "2145"]
[PlyCount "63"]
[EventDate "2016.07.25"]
[EventType "swiss"]
[EventRounds "11"]
[EventCountry "GBR"]

1. e4 e5 2. Nf3 d6 3. d4 Nd7 4. Bc4 Qf6 5. Nc3 c6 6. Bg5 Qg6 7. h4 Ngf6 8. h5
Nxh5 9. dxe5 b5 10. Bb3 b4 11. Nd5 cxd5 12. Qxd5 Rb8 13. O-O-O Bb7 14. Qa5 h6
15. Ba4 hxg5 16. Bxd7+ Kxd7 17. exd6 Qxd6 18. Rxd6+ Bxd6 19. Rd1 Bxe4 20. Qe5
Rh6 21. Qxe4 Rb6 22. Ne5+ Kc7 23. Qc4+ Kb7 24. Qxf7+ Ka6 25. Qc4+ Kb7 26. Nf7
Bf4+ 27. Kb1 Rhf6 28. Rd7+ Ka8 29. Qe4+ Rfc6 30. Nd8 Nf6 31. Nxc6 Nxd7 32. Ne5+
1-0

[Event "GBR-ch 103th"]
[Site "Bournemouth"]
[Date "2016.07.30"]
[Round "6.30"]
[White "Varney, Zoe"]
[Black "Shaw, Peter"]
[Result "0-1"]
[WhiteElo "1818"]
[BlackElo "2143"]
[PlyCount "108"]
[EventDate "2016.07.25"]
[EventType "swiss"]
[EventRounds "11"]
[EventCountry "GBR"]

1. e4 d6 2. d4 Nf6 3. Nc3 c6 4. f4 Qa5 5. e5 Ne4 6. Qf3 f5 7. a3 d5 8. Bd3 e6
9. Nge2 c5 10. Bxe4 dxe4 11. Qf2 Nc6 12. Be3 cxd4 13. Nxd4 Nxd4 14. Bxd4 Be7
15. O-O-O Bd7 16. Qd2 Bc6 17. Nxe4 Qxd2+ 18. Nxd2 Bxg2 19. Rhg1 Bh3 20. Rg3 Bg4
21. Rdg1 g6 22. Ne4 b6 23. Nf6+ Bxf6 24. exf6 Kf7 25. Rc3 Rac8 26. Rgg3 Rhd8
27. Rxc8 Rxc8 28. Rc3 Rxc3 29. Bxc3 Bh3 30. Kd2 h6 31. Ke3 g5 32. Be5 b5 33. b3
Bg2 34. c4 bxc4 35. bxc4 Bc6 36. fxg5 hxg5 37. Kd4 f4 38. Kc5 Be4 39. Kd6 f3
40. Bd4 Ba8 41. c5 Be4 42. c6 a5 43. a4 Bd5 44. c7 Bb7 45. Kd7 e5 46. Bg1 Kxf6
47. Kd6 Kf5 48. Kc5 Kg4 49. Kb6 Bc8 50. Kxa5 Kf4 51. Kb4 e4 52. Kc3 e3 53. Kd3
Ba6+ 54. Kd4 f2 0-1

[Event "GBR-ch 103th"]
[Site "Bournemouth"]
[Date "2016.07.30"]
[Round "6.31"]
[White "Simons, Martin J"]
[Black "Crocker, Philip J"]
[Result "1-0"]
[WhiteElo "2015"]
[BlackElo "2122"]
[PlyCount "43"]
[EventDate "2016.07.25"]
[EventType "swiss"]
[EventRounds "11"]
[EventCountry "GBR"]

1. e4 Nf6 2. Nc3 d5 3. e5 Ne4 4. Nce2 f6 5. d3 Ng5 6. Bxg5 fxg5 7. h4 g4 8. f4
gxf3 9. Nxf3 Bg4 10. Qd2 e6 11. Qf4 Bxf3 12. gxf3 Be7 13. Nd4 g5 14. hxg5 Bxg5
15. Qg4 Be3 16. Rxh7 Rxh7 17. Qg8+ Ke7 18. Qxh7+ Ke8 19. Nxe6 Qc8 20. Bh3 Nd7
21. Bg4 a6 22. Bh5# 1-0

[Event "GBR-ch 103th"]
[Site "Bournemouth"]
[Date "2016.07.30"]
[Round "6.32"]
[White "Bicknell, Carl"]
[Black "Hand, Freddie"]
[Result "1-0"]
[WhiteElo "2121"]
[BlackElo "2062"]
[PlyCount "97"]
[EventDate "2016.07.25"]
[EventType "swiss"]
[EventRounds "11"]
[EventCountry "GBR"]

1. e4 d5 2. exd5 Nf6 3. d4 Bg4 4. f3 Bf5 5. g4 Bg6 6. c4 c6 7. Nc3 cxd5 8. g5
Nfd7 9. cxd5 Na6 10. Qa4 e6 11. dxe6 fxe6 12. Bxa6 bxa6 13. Qxa6 Bf5 14. Nge2
Bb4 15. a3 Ba5 16. b4 Bb6 17. Bf4 O-O 18. O-O-O Bc7 19. Bxc7 Qxc7 20. Kb2 Nb8
21. Qa4 a5 22. b5 Nd7 23. Qb3 a4 24. Qb4 Rfb8 25. Ka1 Nb6 26. Qc5 Qd8 27. d5
Rc8 28. Qe3 Qd6 29. Ne4 Bxe4 30. fxe4 Nc4 31. Qg3 e5 32. Rd3 Rab8 33. Rb1 Qd7
34. Qh3 Qxh3 35. Rxh3 Nd2 36. Rb4 Rc2 37. Nc3 Rf8 38. Rb2 Nb3+ 39. Ka2 Rc1 40.
Rxb3 axb3+ 41. Kxb3 Rf7 42. a4 g6 43. a5 Ra1 44. a6 Kf8 45. d6 Ke8 46. Rd3 Kd7
47. Na4 Kd8 48. d7 Rb1+ 49. Kc4 1-0

[Event "GBR-ch 103th"]
[Site "Bournemouth"]
[Date "2016.07.30"]
[Round "6.33"]
[White "Dalton, Joseph"]
[Black "Longson, Sarah N"]
[Result "0-1"]
[WhiteElo "1928"]
[BlackElo "2117"]
[PlyCount "66"]
[EventDate "2016.07.25"]
[EventType "swiss"]
[EventRounds "11"]
[EventCountry "GBR"]

1. d4 d5 2. Nf3 Nf6 3. e3 c5 4. b3 cxd4 5. exd4 Bg4 6. Be2 Bxf3 7. Bxf3 Nc6 8.
O-O e6 9. Bb2 Bd6 10. c4 O-O 11. Nd2 Rc8 12. a3 dxc4 13. bxc4 Bb8 14. Ne4 Nxe4
15. Bxe4 Bxh2+ 16. Kxh2 Qh4+ 17. Kg1 Qxe4 18. Re1 Qf4 19. Qd3 Rfd8 20. Re4 Qf5
21. Rae1 Ne5 22. Qg3 Nxc4 23. Bc1 Nd6 24. Re5 Qg6 25. Rg5 Qf6 26. Rg4 Nf5 27.
Qf3 h5 28. Rf4 Qg5 29. Be3 Nxe3 30. fxe3 Rd7 31. Rf1 Rcc7 32. g3 f6 33. Rh4 Rd5
0-1

[Event "GBR-ch 103th"]
[Site "Bournemouth"]
[Date "2016.07.30"]
[Round "6.34"]
[White "Ralphs, Nigel"]
[Black "Fallowfield, Jeremy R"]
[Result "1-0"]
[WhiteElo "2000"]
[BlackElo "2109"]
[PlyCount "85"]
[EventDate "2016.07.25"]
[EventType "swiss"]
[EventRounds "11"]
[EventCountry "GBR"]

1. e4 c5 2. Nf3 d6 3. Bb5+ Bd7 4. Bxd7+ Nxd7 5. O-O Ngf6 6. Qe2 Rc8 7. Rd1 Qc7
8. c3 e6 9. c4 e5 10. Nc3 g6 11. d3 h6 12. Ne1 Bg7 13. Nc2 Nf8 14. Ne3 Ne6 15.
Ned5 Qd8 16. Be3 O-O 17. Nxf6+ Qxf6 18. Nd5 Qd8 19. Rab1 f5 20. f3 Qd7 21. b4
h5 22. bxc5 dxc5 23. Rb5 b6 24. Rbb1 Kh7 25. Qb2 g5 26. Qb5 Qd8 27. exf5 Rxf5
28. a4 Nc7 29. Nxc7 Qxc7 30. a5 Rf6 31. Bxg5 Rg6 32. h4 Bh6 33. axb6 axb6 34.
Bxh6 Kxh6 35. Re1 Qd8 36. Qb2 Qxd3 37. Qc1+ Kh7 38. Qe3 Qxc4 39. Qxe5 Qxh4 40.
Re4 Qh3 41. Qe7+ Kh6 42. Rg4 Rxg4 43. Rxb6+ 1-0

[Event "GBR-ch 103th"]
[Site "Bournemouth"]
[Date "2016.07.30"]
[Round "6.35"]
[White "Talbot, Nathan L"]
[Black "Dilleigh, Stephen P"]
[Result "1/2-1/2"]
[WhiteElo "2108"]
[BlackElo "2053"]
[PlyCount "55"]
[EventDate "2016.07.25"]
[EventType "swiss"]
[EventRounds "11"]
[EventCountry "GBR"]

1. d4 d5 2. Nf3 Nf6 3. g3 Bg4 4. Bg2 e6 5. c4 c6 6. Qb3 Qb6 7. Nc3 Nbd7 8. O-O
Be7 9. Bf4 O-O 10. Na4 Qxb3 11. axb3 Bf5 12. Nc3 h6 13. Nd2 Rfd8 14. Rfe1 Bh7
15. f3 c5 16. Be3 cxd4 17. Bxd4 e5 18. Bf2 d4 19. Na4 Nc5 20. b4 Na6 21. b5 Nb4
22. Red1 Rac8 23. b3 a6 24. bxa6 Nxa6 25. Nb6 Rc7 26. Nd5 Nxd5 27. cxd5 Nb4 28.
f4 1/2-1/2

[Event "GBR-ch 103th"]
[Site "Bournemouth"]
[Date "2016.07.30"]
[Round "6.36"]
[White "Klingher, Dominic"]
[Black "Clark, Ian C"]
[Result "1-0"]
[WhiteElo "2117"]
[BlackElo "1963"]
[PlyCount "119"]
[EventDate "2016.07.25"]
[EventType "swiss"]
[EventRounds "11"]
[EventCountry "GBR"]

1. e4 d6 2. Nc3 g6 3. d4 Bg7 4. Be3 a6 5. a4 b6 6. Bc4 Bb7 7. f3 Nd7 8. Nge2 e6
9. Qd2 h5 10. Bg5 Bf6 11. Bxf6 Ngxf6 12. Rd1 d5 13. exd5 exd5 14. Bb3 Qe7 15.
O-O O-O-O 16. Nf4 Qd6 17. a5 g5 18. Nd3 g4 19. f4 b5 20. Ne5 Rh7 21. Qd3 Rg7
22. Qf5 Kb8 23. Rfe1 Nf8 24. Nd3 g3 25. h3 Ng6 26. Nc5 Bc8 27. Qg5 Nh7 28. Qxd5
Nxf4 29. Qxd6 cxd6 30. Nd3 Ne6 31. Nb4 Bb7 32. Ncd5 Nhf8 33. Nb6 Nf4 34. d5
N8g6 35. Rd4 f5 36. Nd3 Nxd3 37. Rxd3 Ne5 38. Rd4 Rf7 39. Rf1 Rdf8 40. c3 f4
41. Bd1 h4 42. b3 f3 43. gxf3 Ka7 44. Rxh4 Nxf3+ 45. Bxf3 Rxf3 46. Rxf3 Rxf3
47. b4 Rxc3 48. Rd4 Rc2 49. h4 Rh2 50. Rg4 Rb2 51. h5 Rh2 52. Rg5 Rh4 53. Kg2
Rxb4 54. Kxg3 Rb3+ 55. Kh2 Rb2+ 56. Kh1 Rb1+ 57. Rg1 Rxg1+ 58. Kxg1 b4 59. h6
b3 60. Na4 1-0

[Event "GBR-ch 103th"]
[Site "Bournemouth"]
[Date "2016.07.30"]
[Round "6.37"]
[White "De Coverly, Roger D"]
[Black "Grieve, Harry"]
[Result "1/2-1/2"]
[WhiteElo "2082"]
[BlackElo "1994"]
[PlyCount "80"]
[EventDate "2016.07.25"]
[EventType "swiss"]
[EventRounds "11"]
[EventCountry "GBR"]

1. e4 c5 2. Nf3 e6 3. d3 Nc6 4. g3 Nf6 5. Bg2 e5 6. O-O Be7 7. c3 d5 8. exd5
Nxd5 9. Re1 f6 10. d4 cxd4 11. cxd4 Bg4 12. dxe5 Nxe5 13. Qa4+ Qd7 14. Qxd7+
Nxd7 15. Nd4 N7b6 16. a4 Rd8 17. a5 Nc8 18. h3 Nb4 19. Be3 Nd3 20. Nc3 Nxe1 21.
Rxe1 Bd7 22. Bxb7 O-O 23. Nd5 Bc5 24. Nf4 Rfe8 25. Rc1 Bb4 26. a6 Nb6 27. Nc6
Bxc6 28. Rxc6 Rxe3 29. fxe3 Rd1+ 30. Kg2 Rd2+ 31. Kf3 Nd7 32. Rc8+ Kf7 33. b3
f5 34. e4 g5 35. Nd5 Ne5+ 36. Ke3 Rd3+ 37. Ke2 Rd2+ 38. Ke3 Rd3+ 39. Ke2 Rd2+
40. Ke3 Rd3+ 1/2-1/2

[Event "GBR-ch 103th"]
[Site "Bournemouth"]
[Date "2016.07.30"]
[Round "6.38"]
[White "Mitra, Roman C"]
[Black "Brewer, Callum D"]
[Result "1-0"]
[WhiteElo "2073"]
[BlackElo "1988"]
[PlyCount "105"]
[EventDate "2016.07.25"]
[EventType "swiss"]
[EventRounds "11"]
[EventCountry "GBR"]

1. e4 c6 2. Qe2 d5 3. d3 dxe4 4. dxe4 e5 5. Nf3 Nf6 6. g3 Be6 7. Bg2 Nbd7 8.
O-O Qc7 9. Nbd2 Be7 10. b3 O-O 11. Bb2 b5 12. a4 a6 13. h3 Nh5 14. Ne1 g6 15.
Nd3 c5 16. g4 Ng7 17. c4 bxc4 18. bxc4 g5 19. Rfc1 Rfc8 20. Nf1 f6 21. Ne3 Nf8
22. Nd5 Bxd5 23. cxd5 c4 24. Ne1 Bb4 25. Bc3 Rab8 26. Bf1 Ng6 27. Qd2 Qc5 28.
Rab1 Bxc3 29. Qxc3 Rxb1 30. Rxb1 Ne8 31. Rc1 Nd6 32. Qf3 Nf4 33. Nc2 Qa5 34.
Ra1 Qd2 35. Ra2 Kg7 36. Qa3 Nxe4 37. Ne3 Qa5 38. Qe7+ Kh8 39. f3 Qc5 40. Qxc5
Nxc5 41. Bxc4 a5 42. d6 Nb7 43. Rd2 Rd8 44. Nf5 Nxh3+ 45. Kf1 Nf4 46. d7 Nc5
47. Bb5 Kg8 48. Rd6 Kf7 49. Bc4+ Kg6 50. Ne7+ Kg7 51. Nf5+ Kg6 52. Rc6 Nxa4 53.
Rc8 1-0

[Event "GBR-ch 103th"]
[Site "Bournemouth"]
[Date "2016.07.30"]
[Round "6.39"]
[White "Golding, James"]
[Black "Pleasants, Allan J"]
[Result "0-1"]
[WhiteElo "1991"]
[BlackElo "2038"]
[PlyCount "88"]
[EventDate "2016.07.25"]
[EventType "swiss"]
[EventRounds "11"]
[EventCountry "GBR"]

1. d4 d6 2. c4 e5 3. Nc3 exd4 4. Qxd4 Nc6 5. Qd2 Nf6 6. e4 Be6 7. b3 a5 8. Nge2
a4 9. Rb1 axb3 10. axb3 g6 11. Nf4 Bg7 12. Bb2 O-O 13. Be2 Re8 14. f3 Nd7 15.
Ncd5 Nce5 16. O-O Ra2 17. Nc3 Ra8 18. Rfd1 Nc5 19. Qc2 Qd7 20. Nfd5 f5 21. Nb5
Bxd5 22. exd5 Ra2 23. Nc3 Raa8 24. f4 Ng4 25. Bxg4 fxg4 26. Rf1 Qe7 27. f5 gxf5
28. Rxf5 Qe3+ 29. Kh1 Nd3 30. Na4 Rf8 31. Rg5 Nxb2 32. Rxg7+ Kxg7 33. Qxb2+ Kg8
34. Qc2 Rae8 35. Qd1 Qe2 36. Qc1 Re7 37. c5 Ref7 38. Qg5+ Rg7 39. Qc1 Rgf7 40.
Qg5+ Kh8 41. h4 gxh3 42. Rb2 hxg2+ 43. Qxg2 Rf1+ 44. Kh2 Qh5+ 0-1

[Event "GBR-ch 103th"]
[Site "Bournemouth"]
[Date "2016.07.30"]
[Round "6.40"]
[White "Wager, John D"]
[Black "Golding, Alex"]
[Result "1-0"]
[WhiteElo "2053"]
[BlackElo "1961"]
[PlyCount "114"]
[EventDate "2016.07.25"]
[EventType "swiss"]
[EventRounds "11"]
[EventCountry "GBR"]

1. e4 c5 2. Nc3 Nc6 3. g3 g6 4. Bg2 Bg7 5. f4 d6 6. d3 Rb8 7. a4 a6 8. Nf3 e6
9. O-O Nge7 10. Ne2 O-O 11. c3 d5 12. Be3 b6 13. e5 Qd7 14. d4 c4 15. g4 b5 16.
axb5 Rxb5 17. Bc1 Na5 18. Nd2 Qa7 19. Kh1 Bd7 20. Ng3 Qc7 21. h4 f6 22. exf6
Rxf6 23. Qf3 Rf7 24. Qe3 Rb8 25. Ne2 Rbf8 26. Nf3 Nb3 27. Rb1 Nc6 28. Ng5 Rf6
29. Bd2 h6 30. Nh3 Nxd2 31. Qxd2 Na5 32. Rf2 Qd6 33. Rbf1 Nb3 34. Qe3 R6f7 35.
Ng3 Qe7 36. h5 Qh4 37. hxg6 Rf6 38. f5 exf5 39. Nxf5 Bxf5 40. Rxf5 Rxf5 41.
Rxf5 Qd8 42. Qe6+ Kh8 43. Rxf8+ Qxf8 44. Qf7 Nd2 45. Qxf8+ Bxf8 46. Bxd5 Kg7
47. Bf7 Bd6 48. Kg2 a5 49. Kf2 Ne4+ 50. Ke3 Ng5 51. Nxg5 hxg5 52. Ke4 Bf4 53.
Bxc4 Kxg6 54. b3 Kf6 55. Bb5 Ke6 56. c4 Kd6 57. d5 Kc7 1-0

[Event "GBR-ch 103th"]
[Site "Bournemouth"]
[Date "2016.07.30"]
[Round "6.41"]
[White "Grigoryan, Meri"]
[Black "Modi, Shyam Jagdish"]
[Result "0-1"]
[WhiteElo "1996"]
[BlackElo "1655"]
[PlyCount "82"]
[EventDate "2016.07.25"]
[EventType "swiss"]
[EventRounds "11"]
[EventCountry "GBR"]

1. d4 Nf6 2. Bf4 g6 3. Nc3 d5 4. h3 Bg7 5. Nf3 O-O 6. e3 c6 7. Bd3 Nbd7 8. e4
dxe4 9. Nxe4 Nxe4 10. Bxe4 Nf6 11. Bd3 Nd5 12. Bc1 c5 13. dxc5 Qa5+ 14. Qd2
Qxc5 15. O-O e5 16. Re1 f6 17. b4 Qxb4 18. Qxb4 Nxb4 19. Bc4+ Kh8 20. Ba3 Nxc2
21. Bxf8 Bxf8 22. Red1 Nb4 23. Rd8 Kg7 24. Ne1 a6 25. g4 g5 26. Bd5 Be6 27.
Rxa8 Bxd5 28. Rc8 Bc6 29. Rc7+ Kg6 30. Ng2 Nc2 31. h4 gxh4 32. Nxh4+ Kg5 33.
Rxh7 Be4 34. Rh8 Bc5 35. Ng2 Kxg4 36. Rg8+ Kf3 37. Rg3+ Ke2 38. Rc3 Bxf2+ 39.
Kh2 Bd4 40. Rc7 f5 41. Kg3 Ne3 0-1

[Event "GBR-ch 103th"]
[Site "Bournemouth"]
[Date "2016.07.30"]
[Round "6.42"]
[White "Jina, Taran"]
[Black "Elwin, Adrian G"]
[Result "0-1"]
[WhiteElo "1764"]
[BlackElo "1992"]
[PlyCount "62"]
[EventDate "2016.07.25"]
[EventType "swiss"]
[EventRounds "11"]
[EventCountry "GBR"]

1. d4 Nf6 2. g3 g6 3. Bg2 d5 4. c4 c6 5. Nf3 Bg7 6. O-O O-O 7. cxd5 cxd5 8. Nc3
Nc6 9. Ne5 e6 10. Nxc6 bxc6 11. Qc2 Nd7 12. Rd1 e5 13. dxe5 Nxe5 14. Be3 Qa5
15. Na4 Bf5 16. Qb3 Rab8 17. Bd2 Qa6 18. Nc5 Qxe2 19. Qe3 Qxe3 20. Bxe3 Nc4 21.
Bf4 Rxb2 22. Nb3 Re8 23. Bf3 Ne5 24. Bg2 Ng4 25. f3 Ne3 26. Re1 Rxg2+ 27. Kh1
Bxa1 28. Nxa1 Rxh2+ 29. Kxh2 Ng4+ 30. fxg4 Rxe1 31. gxf5 Rxa1 0-1

[Event "GBR-ch 103th"]
[Site "Bournemouth"]
[Date "2016.08.01"]
[Round "7.1"]
[White "Howell, David WL"]
[Black "Adams, Michael"]
[Result "0-1"]
[WhiteElo "2663"]
[BlackElo "2727"]
[PlyCount "154"]
[EventDate "2016.07.25"]
[EventType "swiss"]
[EventRounds "11"]
[EventCountry "GBR"]

1. e4 e5 2. Nf3 Nc6 3. Bb5 Nf6 4. d3 Bc5 5. Bxc6 dxc6 6. Nbd2 O-O 7. Qe2 Re8 8.
Nc4 Nd7 9. Bd2 Nb6 10. Ne3 a5 11. h4 Bd4 12. O-O-O Be6 13. Kb1 f6 14. g4 Bxe3
15. Qxe3 Bxg4 16. Rdg1 Bxf3 17. Qxf3 Kh8 18. Qg3 Re7 19. f4 Nc4 20. Bc1 exf4
21. Bxf4 Ne5 22. Bxe5 fxe5 23. Rf1 Qd6 24. Rf5 a4 25. a3 b5 26. Rhf1 Rg8 27.
Kc1 c5 28. h5 b4 29. Qe3 h6 30. Rg1 Re6 31. Rf7 bxa3 32. bxa3 c4 33. dxc4 Rf6
34. c5 Qd8 35. Rf1 Rxf7 36. Rxf7 c6 37. Kb2 Qd1 38. Rb7 Qxh5 39. Qg3 Qe8 40.
Kc3 Qe6 41. Kb4 Qa2 42. Ka5 Qxc2 43. Qxe5 Qd3 44. Kb6 Qxa3 45. Kxc6 Qd3 46. Rb8
Rxb8 47. Qxb8+ Kh7 48. Qe5 Qa6+ 49. Kd5 a3 50. Qf5+ Kg8 51. c6 Qb5+ 52. Kd6
Qxf5 53. exf5 a2 54. c7 a1=Q 55. c8=Q+ Kh7 56. Kd5 Qa2+ 57. Ke5 h5 58. Qc6 Qe2+
59. Kf4 Qg4+ 60. Ke5 h4 61. Qc2 Qg5 62. Ke4 Qg4+ 63. Ke5 h3 64. Qf2 Qh5 65. Qh2
Qh4 66. Qc2 Qg5 67. Qf2 g6 68. Kd4 Qxf5 69. Qh4+ Kg7 70. Qg3 g5 71. Qc7+ Kg6
72. Qb7 Kh5 73. Ke3 h2 74. Qh1 Qf4+ 75. Ke2 g4 76. Qd5+ Kh4 77. Qd8+ Kg3 0-1

[Event "GBR-ch 103th"]
[Site "Bournemouth"]
[Date "2016.08.01"]
[Round "7.2"]
[White "Eggleston, David J"]
[Black "Arkell, Keith C"]
[Result "1-0"]
[WhiteElo "2376"]
[BlackElo "2455"]
[PlyCount "141"]
[EventDate "2016.07.25"]
[EventType "swiss"]
[EventRounds "11"]
[EventCountry "GBR"]

1. e4 c5 2. Nf3 e6 3. d4 cxd4 4. Nxd4 Nc6 5. Nc3 Qc7 6. Be3 a6 7. Qd2 Nf6 8.
O-O-O Bb4 9. f3 Ne5 10. Nb3 d6 11. Bd4 Nc6 12. Bxf6 gxf6 13. a3 Bxc3 14. Qxc3
Ke7 15. g4 Bd7 16. h4 Rac8 17. Qd2 h6 18. f4 Rcg8 19. Be2 e5 20. Rhg1 Be6 21.
Kb1 Bxb3 22. cxb3 b5 23. Rc1 Qb6 24. Rg3 Nd4 25. Rgc3 Rd8 26. Bd1 a5 27. g5 Ne6
28. gxf6+ Kxf6 29. Rc6 Qd4 30. fxe5+ dxe5 31. Qe1 Rhg8 32. Qf1+ Ke7 33. Qxb5
Rg2 34. Bc2 Nf4 35. Rc7+ Kf8 36. Rd1 Rg1 37. Rxg1 Qxg1+ 38. Ka2 Ne6 39. Rb7 Qh2
40. Qf1 Qf4 41. Qc4 Qxh4 42. b4 axb4 43. Qxb4+ Kg8 44. Bb3 Qf6 45. Bd5 h5 46.
Qb3 Re8 47. Qg3+ Kh7 48. Qh3 Kh6 49. Rb6 Qf2 50. Rb3 Ng5 51. Qd7 Rh8 52. Qd6+
f6 53. Rb6 h4 54. Rc6 Kh5 55. Qe7 Rh6 56. Qe8+ Kg4 57. Qc8+ Kg3 58. Rc3+ Nf3
59. Qg8+ Kh2 60. Qg7 Rh5 61. Qg4 Rg5 62. Qxf3 Qxf3 63. Rxf3 Rg6 64. Be6 Kg2 65.
Rh3 Rh6 66. a4 Rh5 67. Rc3 h3 68. Bxh3+ Rxh3 69. Rxh3 Kxh3 70. a5 f5 71. a6 1-0

[Event "GBR-ch 103th"]
[Site "Bournemouth"]
[Date "2016.08.01"]
[Round "7.3"]
[White "Wells, Peter K"]
[Black "Jones, Gawain CB"]
[Result "0-1"]
[WhiteElo "2419"]
[BlackElo "2650"]
[PlyCount "82"]
[EventDate "2016.07.25"]
[EventType "swiss"]
[EventRounds "11"]
[EventCountry "GBR"]

1. e4 c5 2. c3 Nf6 3. e5 Nd5 4. Nf3 e6 5. d4 cxd4 6. cxd4 b6 7. Nc3 Nxc3 8.
bxc3 Bb7 9. Bd3 Be7 10. O-O O-O 11. Re1 d6 12. exd6 Qxd6 13. Ne5 Nd7 14. Bf4
Nxe5 15. Bxe5 Qc6 16. Be4 Qxe4 17. Rxe4 Bxe4 18. h4 Bd5 19. h5 Rfc8 20. Qd3 f6
21. Bf4 Rc4 22. Qg3 Rac8 23. Bh6 Bf8 24. Bxg7 Rxc3 25. f3 Bxg7 26. h6 R3c7 27.
Kh2 Rd7 28. a4 Rc2 29. a5 b5 30. a6 b4 31. Ra5 b3 32. Rb5 Rc8 33. hxg7 h6 34.
Qg6 Rxg7 35. Qxf6 Rc2 36. Kh3 Rcxg2 37. Qxh6 R7g3+ 38. Kh4 Rh2+ 39. Kxg3 Rxh6
40. Rb7 Rh7 41. Rb8+ Kg7 0-1

[Event "GBR-ch 103th"]
[Site "Bournemouth"]
[Date "2016.08.01"]
[Round "7.4"]
[White "Pert, Nicholas"]
[Black "Houska, Jovanka"]
[Result "1-0"]
[WhiteElo "2570"]
[BlackElo "2386"]
[PlyCount "51"]
[EventDate "2016.07.25"]
[EventType "swiss"]
[EventRounds "11"]
[EventCountry "GBR"]

1. d4 d5 2. Bf4 Nf6 3. e3 c5 4. Nf3 Nc6 5. Nbd2 cxd4 6. exd4 Bg4 7. c3 e6 8.
Qb3 Qc8 9. Ne5 Nxe5 10. Bxe5 Be7 11. Bb5+ Kf8 12. O-O Nd7 13. Bf4 g5 14. Be3
Bf5 15. Be2 Kg7 16. c4 dxc4 17. Nxc4 Be4 18. Rac1 Qd8 19. f4 h6 20. f5 exf5 21.
Nd2 Qb6 22. Nxe4 Qxb3 23. axb3 fxe4 24. Rc7 Rhd8 25. Bb5 Bf6 26. Bxd7 1-0

[Event "GBR-ch 103th"]
[Site "Bournemouth"]
[Date "2016.08.01"]
[Round "7.5"]
[White "Tan, Justin"]
[Black "Hebden, Mark L"]
[Result "1-0"]
[WhiteElo "2438"]
[BlackElo "2509"]
[PlyCount "81"]
[EventDate "2016.07.25"]
[EventType "swiss"]
[EventRounds "11"]
[EventCountry "GBR"]

1. e4 e5 2. Nf3 Nc6 3. Bc4 Nf6 4. d3 Be7 5. O-O O-O 6. Re1 d6 7. a4 Be6 8. Nbd2
Qd7 9. c3 Rfe8 10. Qb3 Bf8 11. Bxe6 fxe6 12. Qxb7 Rab8 13. Qa6 d5 14. a5 Bc5
15. Rb1 Ng4 16. Rf1 Qd6 17. h3 Nxf2 18. Rxf2 Bxf2+ 19. Kxf2 Qc5+ 20. Ke2 Red8
21. b4 Qxc3 22. Bb2 Qc2 23. Rc1 Qxb2 24. Qxc6 dxe4 25. dxe4 Qxb4 26. Qxe6+ Kh8
27. Rxc7 Qxa5 28. Qf7 Qa6+ 29. Ke1 Qh6 30. Ke2 a5 31. Ra7 Ra8 32. Qd5 Rac8 33.
Qxe5 Qg6 34. g4 Re8 35. Qxa5 Rc2 36. Qf5 Qc6 37. e5 Rd8 38. Rd7 Qb5+ 39. Kf2
Qc5+ 40. Kg3 Rf8 41. Ne4 1-0

[Event "GBR-ch 103th"]
[Site "Bournemouth"]
[Date "2016.08.01"]
[Round "7.6"]
[White "Palliser, Richard JD"]
[Black "Gormally, Daniel W"]
[Result "1/2-1/2"]
[WhiteElo "2422"]
[BlackElo "2494"]
[PlyCount "119"]
[EventDate "2016.07.25"]
[EventType "swiss"]
[EventRounds "11"]
[EventCountry "GBR"]

1. Nf3 Nf6 2. c4 g6 3. Nc3 Bg7 4. e4 O-O 5. d4 d6 6. h3 c5 7. Be3 cxd4 8. Nxd4
Nc6 9. Be2 Nxd4 10. Bxd4 Bd7 11. O-O Bc6 12. Qc2 a5 13. Rad1 Nd7 14. Bxg7 Kxg7
15. Bg4 Ne5 16. c5 Nxg4 17. hxg4 Qc8 18. cxd6 Qxg4 19. dxe7 Rfe8 20. Nd5 Bxd5
21. exd5 Rxe7 22. d6 Rd7 23. Qc3+ Kg8 24. Rfe1 Qg5 25. Re5 Qd8 26. Qd4 Qf8 27.
a4 Rad8 28. Rd5 Qg7 29. Qb6 Qf6 30. b3 Kg7 31. Qxa5 Rxd6 32. Qxd8 Rxd8 33. Rxd8
Qc3 34. R8d3 Qc2 35. R1d2 Qc1+ 36. Rd1 Qc2 37. R1d2 Qc1+ 38. Kh2 Qc7+ 39. g3 h5
40. Rd6 Qc3 41. R6d3 Qc7 42. Rd4 g5 43. Rc4 Qa5 44. Rdd4 Qf5 45. Kg2 b5 46.
axb5 Qxb5 47. b4 Qe5 48. Rd7 Qb5 49. Rcd4 Kg6 50. R7d6+ f6 51. Re6 Kf7 52. Rdd6
Qxb4 53. Rxf6+ Kg7 54. Rg6+ Kf7 55. Rdf6+ Ke7 56. Re6+ Kf7 57. Ref6+ Ke7 58.
Ra6 Qe4+ 59. Kh2 Qf5 60. Kg2 1/2-1/2